| 000 | 00707nam a2200265Ia 4500 | ||
|---|---|---|---|
| 003 | OSt | ||
| 005 | 20220926024825.0 | ||
| 006 | a|||||r|||| 00| 0 | ||
| 007 | ta | ||
| 008 | 220923b |||||||| |||| 00| 0 eng d | ||
| 020 | _a0198582145 | ||
| 037 | _cGeneral Book | ||
| 040 |
_aRTL _cRTL _beng |
||
| 041 |
_2eng _aeng |
||
| 082 | _aR17, M1 | ||
| 100 |
_aHeath A F Ed. _914696 |
||
| 245 | 0 | _aScientific explanation | |
| 260 |
_aOxford _bClarendon Press _c1981 |
||
| 300 |
_ax, 123p _ccm. |
||
| 490 | _aHerbert Spencer Lectures | ||
| 650 | _a Philosophy | ||
| 650 |
_aLogic-Scientific Method _9232654 |
||
| 942 |
_hR17, M1 _cGB _2CC |
||
| 999 |
_c645578 _d645578 |
||